[Event "Xtracon Chess Open 2018"]
[Site "Elsinore"]
[Date "2018.07.22"]
[Round "3"]
[White "Johansson, Linus"]
[Black "Koellner, Ruben Gideon"]
[Result "1/2-1/2"]
[WhiteElo "2454"]
[BlackElo "2254"]
[EventDate "2018.07.21"]
[WhiteFideId "1711113"]
[BlackFideId "12993093"]

1.d4 d6 2.Nf3 Nf6 3.c4 g6 4.Nc3 Bf5 5.d5 e5 6.dxe6 Bxe6 7.Nd4 Bd7 8.g3 Bg7
9.Bg2 Nc6 10.Nxc6 Bxc6 11.Nd5 O-O 12.O-O Re8 13.Bg5 h6 14.Bxf6 Bxf6 15.Qd2
Bg7 16.Rac1 Rb8 17.e3 Bd7 18.b3 Bf5 19.Rfd1 c6 20.Nf4 Bf8 21.h3 Qf6 22.Qd4
Qxd4 23.Rxd4 g5 24.Nh5 Re6 25.g4 Bg6 26.Ng3 Bg7 27.Rd2 Be5 28.Ne2 f5 29.
Nd4 Rf6 30.gxf5 Bxf5 31.Nf3 Rbf8 32.b4 Bxh3 33.Nxe5 Bxg2 34.Nd7 Bf3 35.b5 
c5 36.Rc3 Re6 37.Nxf8 Kxf8 38.Kh2 h5 39.Kg3 Rf6 40.Ra3 h4+ 41.Kh3 Rh6 42.
Rxa7 g4+ 43.Kh2 Rg6 44.Ra8+ Ke7 45.Rh8 g3+ 46.fxg3 hxg3+ 47.Kg1 Rg4 48.
Rh7+ Ke6 49.Rc2 Bd1 50.Rc3 Be2 51.Rxb7 Bxc4 52.a3 Bd5 53.Rh7 Ra4 54.Rh6+ 
Ke5 55.Rh5+ Ke6 56.Rh6+ Ke5 57.e4 Bxe4 58.Rxg3 Ra5 59.Rg5+ Kf4 60.Rg7 Rxb5
61.Rxd6 Ra5 62.Rh6 Rxa3 63.Rh4+ Kf5 64.Rc7 Rc3 65.Rxc5+ Rxc5 66.Rh5+ Kf4 
67.Rxc5 Ke3 68.Ra5 Kf3 69.Ra3+ Kf4 70.Kf2 Bf5 71.Ra4+ Be4 72.Rb4 Ke5 73.
Ke3 Bf5 74.Rb5+ Kf6 75.Kf4 Bg6 76.Rb6+ Kg7 77.Kg5 Bh7 78.Rb7+ Kh8 79.Kh6 
Bg8 80.Ra7 Bd5 81.Rh7+ Kg8 82.Rd7 Bb3 83.Kg6 Bc2+ 84.Kf6 Bb3 85.Rb7 Bc4 
86.Rc7 Bd5 87.Rc5 Be4 88.Rb5 Bd3 89.Rb4 Bc2 90.Rd4 Bb3 91.Rd2 Bc4 92.Kg6 
Bf7+ 93.Kf6 Bc4 94.Rd7 Bb3 95.Rg7+ Kh8 96.Kg6 Bc2+ 97.Kh6 Bb3 98.Rg3 Bd5 
99.Rd3 Bg8 100.Rd2 Bh7 101.Rh2 Be4 102.Ra2 Bh7 103.Rb2 Bg8 104.Rh2 Bh7 
105.Rd2 Bg8 106.Rd7 Bb3 107.Rh7+ Kg8 108.Rb7 Bc2 109.Kg5 Bh7 110.Kf6 Kh8 
111.Kf7 Bg8+ 112.Kf8 Bh7 113.Rg7 Bd3 114.Rg3 Bh7 115.Rh3 1/2-1/2

[Event "Xtracon Chess Open 2018"]
[Site "Elsinore"]
[Date "2018.07.22"]
[Round "3"]
[White "Haugli, Petter"]
[Black "Holm, Kristian Stuvik"]
[Result "0-1"]
[WhiteElo "2231"]
[BlackElo "2453"]
[EventDate "2018.07.21"]
[WhiteFideId "1500104"]
[BlackFideId "1508083"]

1.c4 g6 2.Nc3 Bg7 3.d4 c5 4.d5 Bxc3+ 5.bxc3 f5 6.h4 Nf6 7.h5 Rg8 8.hxg6 
hxg6 9.Qa4 Qb6 10.e3 Kd8 11.Bd3 d6 12.Rb1 Qc7 13.Nf3 Nbd7 14.Ng5 Ne5 15.
Be2 Bd7 16.Qb3 Rb8 17.Qa3 b6 18.f3 Kc8 19.Kf2 Kb7 20.Bd2 Rbf8 21.Qb3 Nf7 
22.Nh7 Nxh7 23.Rxh7 Rh8 24.Rbh1 Qd8 25.Qb1 Ng5 26.R7h6 Rfg8 27.R1h4 Nf7 
28.Rxh8 Rxh8 29.Qh1 Qg8 30.Rxh8 Nxh8 31.Qh4 g5 32.Qh5 Nf7 33.Kf1 Qg7 34.f4
Ka6 35.Bd3 Ka5 36.Qh3 gxf4 37.exf4 Nh6 38.Qh5 Qg3 39.Qh3 Qg6 40.Qh4 Ng8 
41.Qg5 Qh7 42.Kg1 Nf6 43.Be1 a6 44.Qh4 Qxh4 45.Bxh4 Ka4 0-1

[Event "Xtracon Chess Open 2018"]
[Site "Elsinore"]
[Date "2018.07.22"]
[Round "3"]
[White "Antonsen, Mikkel"]
[Black "Schwarz, Frank"]
[Result "1-0"]
[WhiteElo "2452"]
[BlackElo "2234"]
[EventDate "2018.07.21"]
[WhiteFideId "1401378"]
[BlackFideId "4658035"]

1.d4 Nf6 2.c4 g6 3.Nc3 Bg7 4.e4 d6 5.h3 O-O 6.Be3 Nbd7 7.g4 e5 8.d5 Nc5 9.
f3 a5 10.h4 Ne8 11.h5 f5 12.hxg6 hxg6 13.gxf5 gxf5 14.Qd2 f4 15.Bf2 Bf6 
16.Bh3 Bxh3 17.Rxh3 Rf7 18.O-O-O Qe7 19.Bxc5 dxc5 20.Qh2 Nd6 21.Nge2 Rh7 
22.Rg1+ Kh8 23.Rh1 Rxh3 24.Qxh3+ Kg8 25.Rg1+ Bg7 26.b3 Rf8 27.a4 Rf6 28.
Nb5 Nxb5 29.axb5 b6 30.Nc3 Qd6 31.Rg5 Rh6 32.Qg4 Rh7 33.Rg6 Qd8 34.d6 cxd6
35.Nd5 Kh8 36.Kb2 Rh4 37.Qe6 Rh1 38.Qf7 1-0

[Event "Xtracon Chess Open 2018"]
[Site "Elsinore"]
[Date "2018.07.22"]
[Round "3"]
[White "Salles, Louis"]
[Black "Korley, Kassa"]
[Result "0-1"]
[WhiteElo "2227"]
[BlackElo "2443"]
[EventDate "2018.07.21"]
[WhiteFideId "20641826"]
[BlackFideId "2033801"]

1.Nf3 d5 2.c4 e6 3.g3 dxc4 4.Qa4+ Nd7 5.Qxc4 a6 6.Bg2 b5 7.Qc2 Bb7 8.O-O 
c5 9.a4 Ngf6 10.d3 Be7 11.axb5 axb5 12.Rxa8 Qxa8 13.Nc3 Qa6 14.e4 b4 15.
Ne2 O-O 16.b3 Bc6 17.Bb2 Bb5 18.Rd1 Rd8 19.Nf4 Nb8 20.Ne5 Nc6 21.Ra1 Qb6 
22.Nc4 Qb8 23.h4 Nd7 24.Nh5 g6 25.Nf4 Nde5 26.Rd1 Nd4 27.Bxd4 Rxd4 28.Ne2 
Rd8 29.f4 Ng4 30.Bf3 Bxc4 31.Bxg4 Bb5 32.Kg2 Qa8 33.Bf3 Qa6 34.Nc1 e5 35.
fxe5 Qe6 36.Qb2 Bf8 37.Ne2 Bg7 38.Nf4 Qxe5 39.Qxe5 Bxe5 40.Nd5 Ra8 41.d4 
Ra2+ 42.Kh3 Bxd4 43.Nxb4 Rf2 44.Bg2 Be2 45.Rd2 Bg4+ 0-1

[Event "Xtracon Chess Open 2018"]
[Site "Elsinore"]
[Date "2018.07.22"]
[Round "3"]
[White "Ni, Shiqun"]
[Black "Nilsson, Patrik 1978"]
[Result "1-0"]
[WhiteElo "2435"]
[BlackElo "2229"]
[EventDate "2018.07.21"]
[WhiteFideId "8608466"]
[BlackFideId "1708171"]

1.e4 e6 2.d4 d5 3.Nd2 c5 4.Ngf3 Nc6 5.exd5 exd5 6.Bb5 Bd6 7.O-O Ne7 8.dxc5
Bxc5 9.Nb3 Bb6 10.c3 O-O 11.Bf4 Bg4 12.h3 Bh5 13.Be2 Re8 14.Bh2 Bg6 15.Bd3
Nf5 16.Kh1 Qf6 17.Qd2 Rad8 18.Rad1 Bh5 19.Qf4 Bg6 20.g4 Nd6 21.Bxg6 Qxg6 
22.Rxd5 Ne4 23.Rxd8 Rxd8 24.Kg2 Nxf2 25.Ng5 Rf8 26.Rxf2 Bxf2 27.Kxf2 h6 
28.Nf3 f5 29.Qc4+ Kh8 30.Qd3 Qe6 31.Qd6 Qf7 32.g5 Rd8 33.Qf4 h5 34.h4 a5 
35.Nbd4 Qxa2 36.Qd2 a4 37.Qe2 Nxd4 38.Nxd4 Qd5 39.Qxh5+ Kg8 40.g6 1-0

[Event "Xtracon Chess Open 2018"]
[Site "Elsinore"]
[Date "2018.07.22"]
[Round "3"]
[White "Crevatin, Leo"]
[Black "Vestby-Ellingsen, Mads"]
[Result "0-1"]
[WhiteElo "2224"]
[BlackElo "2429"]
[EventDate "2018.07.21"]
[WhiteFideId "1726307"]
[BlackFideId "1520857"]

1.d4 Nf6 2.Bf4 d5 3.e3 c5 4.c3 Nc6 5.Nd2 e6 6.Ngf3 cxd4 7.exd4 Nh5 8.Bg5 
f6 9.Be3 Bd6 10.g3 O-O 11.Bg2 f5 12.Ne5 f4 13.Nxc6 bxc6 14.Qxh5 fxe3 15.
fxe3 Rb8 16.b4 a5 17.a3 Qc7 18.Bf3 Ba6 19.Be2 Bxe2 20.Qxe2 e5 21.dxe5 Bxe5
22.Rc1 axb4 23.axb4 c5 24.b5 c4 25.Nf3 Bxg3+ 26.hxg3 Qxg3+ 27.Kd2 Qxf3 28.
Qxf3 Rxf3 29.Ke2 Rf6 30.Rb1 Rfb6 31.Rh5 Rxb5 32.Rxb5 Rxb5 33.Kf3 g6 34.Re5
Kf7 35.Kf4 Kf6 36.e4 Rb3 37.Rxd5 Rxc3 38.Rd6+ Kg7 39.Rd7+ Kh6 40.Rc7 Rc1 
41.Ke3 c3 42.Kd3 g5 43.e5 Kg6 44.e6 Re1 45.e7 Kf6 46.Rc6+ Kxe7 47.Rc7+ Kf6
48.Rxh7 Kf5 49.Kxc3 g4 50.Kd2 Re8 51.Rf7+ Kg5 52.Rg7+ Kh4 53.Rh7+ Kg3 54.
Rg7 Kh3 55.Rg6 g3 56.Rg7 Kh2 57.Rh7+ Kg1 58.Rg7 g2 59.Rg5 Kf2 60.Rf5+ Kg3 
61.Rg5+ Kf3 62.Rg7 Re4 0-1

[Event "Xtracon Chess Open 2018"]
[Site "Elsinore"]
[Date "2018.07.22"]
[Round "3"]
[White "Hilby, Craig"]
[Black "Berg, Olaf"]
[Result "1-0"]
[WhiteElo "2426"]
[BlackElo "2226"]
[EventDate "2018.07.21"]
[WhiteFideId "2062674"]
[BlackFideId "7200420"]

1.d4 Nf6 2.c4 e6 3.Nf3 d5 4.g3 Be7 5.Bg2 O-O 6.O-O b6 7.Nc3 Bb7 8.Ne5 Nbd7
9.Bf4 c6 10.e4 Rc8 11.Re1 Nxe4 12.Nxe4 dxe4 13.Bxe4 Nf6 14.Bg2 Bb4 15.Re3 
Qe7 16.a3 Bd6 17.b4 Rfd8 18.Rd3 Bb8 19.Rb1 h6 20.a4 b5 21.c5 a6 22.g4 Nd5 
23.Bg3 f6 24.Ng6 Qf7 25.Bxb8 Rxb8 26.Be4 Ne7 27.Nxe7+ Qxe7 28.Qb3 Kh8 29.
Rbd1 Rf8 30.Re3 Qf7 31.Bb1 Bc8 32.f4 bxa4 33.Qxa4 Qb7 34.Qc2 f5 35.gxf5 
exf5 36.Ba2 Qxb4 37.Qg2 Qa4 38.Rd2 Rb7 39.Qg6 Rd7 40.Re8 Rd8 41.Re7 Rg8 
42.Kh1 Rxd4 43.Rxd4 Qxa2 44.Rd6 Qa1+ 45.Kg2 Qc3 46.Re8 Qc2+ 47.Kh3 Qc3+ 
48.Kh4 Qc4 49.Rxg8+ Qxg8 50.Rxc6 Qd8+ 51.Kh3 Qd3+ 52.Qg3 Qf1+ 53.Kh4 Bd7 
54.Rg6 Qa1 55.c6 Be8 56.c7 Bd7 57.Qe3 Kh7 58.Rd6 Qh1 59.Qg3 g5+ 60.fxg5 
Qe4+ 61.Kh3 Bc8 62.Rxh6+ Kg7 63.Qc3+ Kf7 64.Qf6+ Ke8 65.Qd8+ Kf7 66.Rf6+ 
1-0

[Event "Xtracon Chess Open 2018"]
[Site "Elsinore"]
[Date "2018.07.22"]
[Round "3"]
[White "Raghunandan, Kaumandur Srihari"]
[Black "Ongut, Tamas Gunes"]
[Result "1-0"]
[WhiteElo "2417"]
[BlackElo "2220"]
[EventDate "2018.07.21"]
[WhiteFideId "25004964"]
[BlackFideId "770280"]

1.d4 d5 2.c4 c6 3.Nc3 Nf6 4.Nf3 e6 5.e3 Nbd7 6.Qc2 Bd6 7.Be2 dxc4 8.Bxc4 
b5 9.Be2 O-O 10.O-O Bb7 11.e4 e5 12.dxe5 Nxe5 13.Nh4 b4 14.Nf5 Neg4 15.h3 
bxc3 16.hxg4 c5 17.f3 Be5 18.bxc3 Qc7 19.Bg5 g6 20.Ne3 h5 21.Bxf6 Bxf6 22.
gxh5 Bg5 23.Nc4 Qg3 24.Rfb1 Ba6 25.hxg6 Rad8 26.Rd1 Bf4 27.Rxd8 Qh2+ 28.
Kf1 Rxd8 29.gxf7+ Kxf7 30.e5 Kg7 31.Qf5 Qh1+ 32.Kf2 Qh4+ 33.Kf1 Rf8 34.
Qd7+ Rf7 35.Qh3 Qg5 36.Bd3 Bxc4 37.Qh7+ Kf8 38.Qh8+ Ke7 39.Bxc4 Rg7 40.Qh3
Bxe5 41.Rd1 1-0

[Event "Xtracon Chess Open 2018"]
[Site "Elsinore"]
[Date "2018.07.22"]
[Round "3"]
[White "Laustsen, Lars"]
[Black "Jepson, Christian"]
[Result "0-1"]
[WhiteElo "2219"]
[BlackElo "2410"]
[EventDate "2018.07.21"]
[WhiteFideId "1407554"]
[BlackFideId "1701185"]

1.d4 e6 2.c4 f5 3.g3 Nf6 4.Bg2 d5 5.Nf3 Bd6 6.O-O O-O 7.b3 b6 8.Bb2 Bb7 9.
Nbd2 Nbd7 10.Rc1 Ne4 11.Ne5 c6 12.Ndf3 Rc8 13.Nd3 Qe7 14.Nfe5 c5 15.Nxd7 
Qxd7 16.cxd5 exd5 17.dxc5 bxc5 18.Rc2 d4 19.Qc1 Qe7 20.e3 Ng5 21.f4 Bxg2 
22.Rxg2 Nh3+ 23.Kh1 c4 24.bxc4 Qe4 25.Nf2 Nxf2+ 26.Rxf2 dxe3 27.Qc3 Be5 
0-1

[Event "Xtracon Chess Open 2018"]
[Site "Elsinore"]
[Date "2018.07.22"]
[Round "3"]
[White "Lund, Gunnar"]
[Black "Akesson, Ralf"]
[Result "0-1"]
[WhiteElo "2216"]
[BlackElo "2397"]
[EventDate "2018.07.21"]
[WhiteFideId "1520814"]
[BlackFideId "1700120"]

1.e4 c5 2.Nf3 e6 3.b3 b6 4.Bb2 Bb7 5.Bd3 Nf6 6.e5 Nd5 7.Be4 Ne3 8.dxe3 
Bxe4 9.O-O Be7 10.Nbd2 Bb7 11.Nc4 O-O 12.Nd6 Bxd6 13.exd6 Nc6 14.Re1 f6 
15.Qd2 Qe8 16.e4 Qh5 17.Qe2 e5 18.a3 Kh8 19.Rad1 Rfe8 20.c3 Nd8 21.Bc1 Ne6
22.Qc2 Nf4 23.Bxf4 exf4 24.Nd2 Re6 25.Qd3 Rae8 26.f3 f5 27.Qb5 Bc6 28.Qa6 
Rxd6 29.e5 Rg6 30.Qxa7 Ra8 31.Qc7 Bxf3 32.Nxf3 Qxf3 33.Rd2 Qxc3 34.Qxd7 
Rg8 35.Qd3 Qxd3 36.Rxd3 Re6 37.Kf2 g5 38.Kf3 Rge8 39.h4 h6 40.hxg5 hxg5 
41.Rh1+ Kg7 42.Rd7+ R8e7 43.Rd8 Rxe5 44.Rhh8 Re3+ 45.Kf2 g4 0-1

[Event "Xtracon Chess Open 2018"]
[Site "Elsinore"]
[Date "2018.07.22"]
[Round "3"]
[White "Lindgren, Philip"]
[Black "Hartung-Nielsen, Jens"]
[Result "0-1"]
[WhiteElo "2394"]
[BlackElo "2207"]
[EventDate "2018.07.21"]
[WhiteFideId "1713230"]
[BlackFideId "1400690"]

1.d4 d5 2.c4 e6 3.Nf3 c5 4.cxd5 exd5 5.g3 Nc6 6.Bg2 Nf6 7.O-O Be7 8.dxc5 
Bxc5 9.a3 O-O 10.b4 Bb6 11.Nc3 h6 12.Bb2 Be6 13.Rc1 Re8 14.Na4 Ne4 15.Rc2 
Qd7 16.Nxb6 axb6 17.Nd4 Ne7 18.Nxe6 Qxe6 19.Qd4 Nf5 20.Qd3 Rad8 21.Bh3 Qg6
22.Rc7 Ned6 23.Rfc1 d4 24.R1c2 Qf6 25.Bxf5 Nxf5 26.Rxb7 h5 27.Qf3 Qg6 28.
Qd3 h4 29.Bc1 h3 30.Bf4 Qe6 31.f3 Ne3 32.Rc1 Qa2 33.Rbc7 Nd5 34.R7c2 Nxf4 
35.gxf4 Qd5 36.Rc7 Re3 37.Qd2 Qf5 38.Kh1 Qxf4 39.Rc8 Rxc8 40.Rxc8+ Kh7 41.
Rc1 d3 42.Rc4 dxe2 0-1

[Event "Xtracon Chess Open 2018"]
[Site "Elsinore"]
[Date "2018.07.22"]
[Round "3"]
[White "Hakansson, Stefan"]
[Black "Percivaldi, Martin"]
[Result "0-1"]
[WhiteElo "2019"]
[BlackElo "2393"]
[EventDate "2018.07.21"]
[WhiteFideId "1708198"]
[BlackFideId "1508148"]

1.d4 e6 2.Nf3 Nf6 3.Bf4 c5 4.c3 b6 5.e3 Be7 6.h3 O-O 7.Nbd2 cxd4 8.exd4 
Bb7 9.Bd3 d6 10.Qc2 Nbd7 11.O-O Re8 12.Rfe1 h6 13.Rad1 a6 14.Ne4 Nxe4 15.
Bxe4 Bxe4 16.Rxe4 Nf6 17.Re2 b5 18.Rde1 Bf8 19.Nd2 Rc8 20.Qb3 Qd7 21.Ne4 
Nd5 22.Bd2 Qc6 23.Ng3 a5 24.f4 a4 25.Qd1 a3 26.bxa3 Nxc3 27.Bxc3 Qxc3 28.
Re3 Qc4 29.f5 Qxa2 30.Qg4 Qd5 31.Nh5 Kh8 32.fxe6 Rxe6 33.Rxe6 fxe6 34.Rxe6
Ra8 35.Nf4 Qxd4+ 36.Kh2 Qc5 37.Ng6+ Kg8 38.Qe4 d5 39.Qe5 d4 40.Qe4 Qc7+ 
41.Kg1 Rd8 42.Ne7+ Bxe7 43.Rxe7 Qc1+ 44.Kh2 Qxa3 45.Qe6+ Kh7 46.Qe4+ Kh8 
47.Re8+ Rxe8 48.Qxe8+ Kh7 49.Qe4+ Kg8 50.Qe8+ Qf8 51.Qxb5 Qf4+ 52.Kh1 Qe4 
53.Qc4+ Kh7 54.Kh2 Kg6 55.Qa6+ Kg5 56.Qb5+ Qf5 57.h4+ Kg6 58.Qe8+ Kh7 59.
Qe2 d3 60.Qd2 Kg6 61.g4 Qf3 62.h5+ Kf7 63.Qa2+ Ke7 64.Qa7+ Ke6 65.Qxg7 
Qf4+ 66.Kg2 d2 67.Qg6+ Ke5 68.Qe8+ Kd4 69.Qa4+ Ke3 70.Qb3+ Ke2 71.Qb5+ Ke1
72.Qe8+ Kd1 73.Qe6 Qa4 74.Qf5 Kc1 75.Qc8+ Qc2 0-1

[Event "Xtracon Chess Open 2018"]
[Site "Elsinore"]
[Date "2018.07.22"]
[Round "3"]
[White "Hoi, Carsten"]
[Black "Hinrichs, Lars"]
[Result "1/2-1/2"]
[WhiteElo "2389"]
[BlackElo "2185"]
[EventDate "2018.07.21"]
[WhiteFideId "1400100"]
[BlackFideId "12921769"]

1.d4 d6 2.Nf3 Nf6 3.c4 g6 4.Nc3 Bf5 5.Bg5 Bg7 6.e3 Ne4 7.Nxe4 Bxe4 8.Bd3 
Bxd3 9.Qxd3 c6 10.O-O O-O 11.e4 Nd7 12.Rfe1 Re8 13.Rad1 Qc7 14.b3 a5 15.
Bf4 Qb6 16.h3 Rad8 17.Qe2 Ra8 18.h4 a4 19.b4 Qxb4 20.Rb1 Qa5 21.Rxb7 Ra7 
22.Rxa7 Qxa7 23.e5 dxe5 24.Bxe5 Bxe5 25.Nxe5 Nxe5 26.Qxe5 Rd8 27.Re4 Rd6 
28.Qf4 Qb7 29.h5 gxh5 30.Qg5+ 1/2-1/2

[Event "Xtracon Chess Open 2018"]
[Site "Elsinore"]
[Date "2018.07.22"]
[Round "3"]
[White "Pettersen, Johan"]
[Black "Hagen, Andreas Skytte"]
[Result "0-1"]
[WhiteElo "1858"]
[BlackElo "2383"]
[EventDate "2018.07.21"]
[WhiteFideId "1522183"]
[BlackFideId "1407341"]

1.d4 Nf6 2.c4 g6 3.g3 Bg7 4.Bg2 O-O 5.Nc3 d6 6.Nf3 Nbd7 7.O-O e5 8.e3 c6 
9.Rb1 Re8 10.b4 exd4 11.exd4 Nb6 12.c5 Nbd5 13.Nxd5 Nxd5 14.Rb3 a5 15.a3 
axb4 16.axb4 Bf5 17.Qd2 h6 18.b5 dxc5 19.dxc5 Qa5 20.bxc6 bxc6 21.Ba3 Qa4 
22.Qa2 Nc3 0-1

[Event "Xtracon Chess Open 2018"]
[Site "Elsinore"]
[Date "2018.07.22"]
[Round "3"]
[White "Sawatzki, Frank"]
[Black "Fransson, Angelina"]
[Result "1-0"]
[WhiteElo "2380"]
[BlackElo "2035"]
[EventDate "2018.07.21"]
[WhiteFideId "4613600"]
[BlackFideId "1712632"]

1.e4 c5 2.Nf3 d6 3.d4 cxd4 4.Nxd4 Nf6 5.Nc3 e6 6.g3 Be7 7.Bg2 O-O 8.O-O a6
9.Be3 Qc7 10.f4 Nc6 11.a4 Nxd4 12.Bxd4 e5 13.Bf2 exf4 14.gxf4 Be6 15.a5 
Rac8 16.Kh1 Nd7 17.Nd5 Bxd5 18.Qxd5 Nf6 19.Qd1 Qxc2 20.e5 Qxd1 21.Raxd1 
dxe5 22.fxe5 Ng4 23.Bd4 Bc5 24.Bxb7 Rc7 25.Bxa6 Bxd4 26.Rxd4 Nxe5 27.b4 
Ra7 28.Rd6 f5 29.Re6 f4 30.Be2 Rf5 31.a6 Kf7 32.Rb6 Nd7 33.Rb7 Rxb7 34.
axb7 Nb8 35.Rc1 Re5 36.Bf3 Re8 37.Rc8 Ke7 38.b5 Rd8 39.Kg2 Rd2+ 40.Kf1 Rd8
41.Ke2 Nd7 42.Bc6 Nb8 43.Kf3 g5 44.Kg4 h6 45.Kh5 Rf8 46.Bf3 Nd7 47.Kxh6 
Rf6+ 48.Kxg5 Rf8 49.Rxf8 Kxf8 50.Kxf4 Ke7 51.Bc6 Nb8 52.Ke5 1-0

[Event "Xtracon Chess Open 2018"]
[Site "Elsinore"]
[Date "2018.07.22"]
[Round "3"]
[White "Tari, Aryan"]
[Black "Bengtsson, Jessica"]
[Result "1-0"]
[WhiteElo "2615"]
[BlackElo "1985"]
[EventDate "2018.07.21"]
[WhiteFideId "1510045"]
[BlackFideId "1711083"]

1.e4 e5 2.Nf3 Nc6 3.Bb5 Bc5 4.c3 Nf6 5.d4 Bb6 6.Nxe5 Nxe5 7.dxe5 Nxe4 8.
Qg4 Nxf2 9.Qxg7 Rf8 10.Bg5 f6 11.exf6 Nxh1 12.Be2 1-0

[Event "Xtracon Chess Open 2018"]
[Site "Elsinore"]
[Date "2018.07.22"]
[Round "3"]
[White "Bosiocic, Marin"]
[Black "Hill, Alistair"]
[Result "1-0"]
[WhiteElo "2589"]
[BlackElo "2192"]
[EventDate "2018.07.21"]
[WhiteFideId "14507927"]
[BlackFideId "432407"]

1.d4 Nf6 2.Nf3 g6 3.Nc3 d5 4.Bf4 Bg7 5.Nb5 Na6 6.e3 O-O 7.h3 Bf5 8.Bd3 
Bxd3 9.cxd3 c6 10.Nc3 Qb6 11.Rb1 c5 12.Be5 e6 13.O-O Nd7 14.dxc5 Naxc5 15.
Bxg7 Kxg7 16.b4 Na6 17.Qa4 Qc6 18.Qb3 Nc7 19.Rfc1 Qd6 20.Na4 Rfc8 21.Nc5 
Rab8 22.Qa4 Nxc5 23.bxc5 Qa6 24.Qc2 f6 25.Rb3 e5 26.Qb2 Ne6 27.Ra3 Qc6 28.
Rxa7 e4 29.dxe4 dxe4 30.Nd4 Nxd4 31.exd4 Rd8 32.a4 Rd7 33.Rc4 Re8 34.Qb5 
Qe6 35.Rxb7 Rxb7 36.Qxb7+ Re7 37.Qb3 Qd5 38.Rb4 Qg5 39.Qe3 1-0

[Event "Xtracon Chess Open 2018"]
[Site "Elsinore"]
[Date "2018.07.22"]
[Round "3"]
[White "Weber, Samuel"]
[Black "Hansen, Sune Berg"]
[Result "0-1"]
[WhiteElo "2197"]
[BlackElo "2584"]
[EventDate "2018.07.21"]
[WhiteFideId "12924008"]
[BlackFideId "1400266"]

1.Nf3 c5 2.g3 b6 3.Bg2 Bb7 4.d3 Nf6 5.O-O g6 6.Nbd2 Bg7 7.e4 d6 8.Re1 O-O 
9.a4 Nc6 10.Nc4 Rc8 11.Qe2 Ne8 12.Bf4 a6 13.c3 b5 14.axb5 axb5 15.Ncd2 b4 
16.e5 Ra8 17.Nc4 d5 18.Ncd2 Nc7 19.Nb3 Ne6 20.Nfd2 bxc3 21.bxc3 Rxa1 22.
Rxa1 d4 23.c4 Qb6 24.Bd5 Ncd8 25.Na5 Bc8 26.Nf3 Nxf4 27.gxf4 Bg4 28.Qd2 
Bxf3 29.Bxf3 Bh6 30.Re1 Ne6 31.Nc6 Bxf4 32.Nxe7+ Kg7 33.Qa2 Qd8 34.Qa7 Re8
35.Nc6 Qg5+ 36.Kf1 Bxh2 37.Re4 Nf4 38.Rxf4 Bxf4 39.Bd5 Qf5 40.e6 Qxd3+ 41.
Kg2 Qf5 42.Qxc5 Qg4+ 43.Kf1 Qh3+ 44.Ke1 Rxe6+ 45.Bxe6 Qxe6+ 46.Kd1 d3 47.
Qd4+ f6 48.Qa7+ Kh6 49.Nd4 Qg4+ 50.f3 Qg1# 0-1

[Event "Xtracon Chess Open 2018"]
[Site "Elsinore"]
[Date "2018.07.22"]
[Round "3"]
[White "Rasmussen, Allan Stig"]
[Black "Petersson, Baldur Teodor"]
[Result "1-0"]
[WhiteElo "2536"]
[BlackElo "2153"]
[EventDate "2018.07.21"]
[WhiteFideId "1406000"]
[BlackFideId "2309157"]

1.c4 Nf6 2.Nc3 g6 3.e4 d6 4.d4 Bg7 5.Nf3 O-O 6.Be2 e5 7.O-O Nbd7 8.Re1 Re8
9.Bf1 exd4 10.Nxd4 c6 11.Bf4 Nc5 12.Qc2 Nh5 13.Be3 Nf6 14.f3 Qc7 15.Rad1 
Nfd7 16.b4 Ne6 17.Nb3 Ne5 18.Ne2 h5 19.h3 g5 20.Ng3 h4 21.Nf5 Bf8 22.Qd2 
d5 23.cxd5 cxd5 24.exd5 Nf4 25.Bxf4 gxf4 26.Qxf4 Bxf5 27.Qxf5 Bxb4 28.Rxe5
1-0

[Event "Xtracon Chess Open 2018"]
[Site "Elsinore"]
[Date "2018.07.22"]
[Round "3"]
[White "Hector, Jonny"]
[Black "Nielsen, Andre"]
[Result "1-0"]
[WhiteElo "2499"]
[BlackElo "2178"]
[EventDate "2018.07.21"]
[WhiteFideId "1700090"]
[BlackFideId "1518240"]

1.e4 e5 2.Nf3 Nc6 3.Bc4 Nf6 4.d3 Bc5 5.O-O d6 6.c3 O-O 7.Bb3 a6 8.Be3 Qe7 
9.Nbd2 b5 10.Bxc5 dxc5 11.Re1 Rd8 12.Qe2 Nh5 13.g3 Bg4 14.Qe3 Qd6 15.Bd5 
Bd7 16.Nb3 Nf6 17.Qxc5 Nxd5 18.exd5 Ne7 19.Rxe5 Bg4 20.Qxd6 cxd6 21.Rxe7 
Bxf3 22.c4 Re8 23.Rxe8+ Rxe8 24.Nd4 Bg4 25.f3 Bh5 26.Kf2 Bg6 27.Rd1 Rc8 
28.b3 Kf8 29.Ke3 Ke7 30.Kd2 Kd7 31.Re1 1-0

[Event "Xtracon Chess Open 2018"]
[Site "Elsinore"]
[Date "2018.07.22"]
[Round "3"]
[White "Tiarks, Jann-Christian"]
[Black "Thybo, Jesper Sondergaard"]
[Result "0-1"]
[WhiteElo "2179"]
[BlackElo "2497"]
[EventDate "2018.07.21"]
[WhiteFideId "12951595"]
[BlackFideId "1438832"]

1.e4 c5 2.Nf3 d6 3.d4 cxd4 4.Nxd4 Nf6 5.Nc3 Nc6 6.f3 e5 7.Nb3 Be7 8.Be3 
Be6 9.Qd2 O-O 10.O-O-O a5 11.Bb5 Na7 12.Be2 Nc8 13.Bb5 Nb6 14.Qf2 Nc4 15.
Bxc4 Bxc4 16.Bb6 Qb8 17.Nxa5 Be6 18.Nb3 Rc8 19.Kb1 Ra6 20.Be3 Qa8 21.a3 
Rxc3 22.bxc3 Rxa3 23.Bc1 Ra1+ 0-1

[Event "Xtracon Chess Open 2018"]
[Site "Elsinore"]
[Date "2018.07.22"]
[Round "3"]
[White "Jorgensen, Dennis"]
[Black "Aagaard, Jacob"]
[Result "0-1"]
[WhiteElo "2147"]
[BlackElo "2482"]
[EventDate "2018.07.21"]
[WhiteFideId "1408380"]
[BlackFideId "1401815"]

1.d4 Nf6 2.Nf3 d5 3.c4 e6 4.Bg5 dxc4 5.Nc3 h6 6.Bxf6 Qxf6 7.e3 g6 8.Bxc4 
Bg7 9.Ne4 Qe7 10.a3 Nd7 11.Qc2 c5 12.Rd1 O-O 13.O-O cxd4 14.exd4 Nb6 15.
Bb3 Bd7 16.Rfe1 Bc6 17.Ne5 Bd5 18.Nc3 Rad8 19.Nxd5 Nxd5 20.Qe4 Qg5 21.g3 
Rd6 22.Rd3 Qf5 23.Qe2 Bxe5 24.dxe5 Nf4 25.Rxd6 Nxe2+ 26.Rxe2 Rc8 27.Kg2 
Rc5 28.f4 Rc1 29.Rd8+ Kg7 30.Rd7 g5 31.fxg5 Qf1# 0-1

[Event "Xtracon Chess Open 2018"]
[Site "Elsinore"]
[Date "2018.07.22"]
[Round "3"]
[White "Notkevich, Benjamin Arvola"]
[Black "Lahlum, Hans Olav"]
[Result "1-0"]
[WhiteElo "2471"]
[BlackElo "2122"]
[EventDate "2018.07.21"]
[WhiteFideId "1506536"]
[BlackFideId "1501348"]

1.d4 e6 2.c4 d5 3.Nc3 Nf6 4.Nf3 c6 5.Bg5 h6 6.Bh4 Be7 7.e3 O-O 8.Rc1 Nbd7 
9.a3 Re8 10.Qc2 b6 11.Be2 Bb7 12.O-O dxc4 13.Bxc4 c5 14.dxc5 Nxc5 15.Bb5 
Rf8 16.Rfd1 Qc8 17.b4 Nce4 18.Qb2 Rd8 19.Nd5 Rxd5 20.Rxc8+ Rxc8 21.Rxd5 
Bxd5 22.Nd4 g5 23.Bg3 Nxg3 24.hxg3 Ne4 25.Ba6 Rc7 26.f3 Nd6 27.Nb5 Nxb5 
28.Bxb5 Bd6 29.Kh2 Bc4 30.Qd4 Bxb5 31.Qxd6 Rd7 32.Qe5 Bc6 33.b5 Bd5 34.Qd4
e5 35.Qxe5 Be6 36.a4 Kh7 37.f4 gxf4 38.gxf4 Rd2 39.f5 Rd5 40.Qe4 1-0

[Event "Xtracon Chess Open 2018"]
[Site "Elsinore"]
[Date "2018.07.22"]
[Round "3"]
[White "Thuesen, Mogens"]
[Black "Bjerre, Jonas Buhl"]
[Result "0-1"]
[WhiteElo "2139"]
[BlackElo "2436"]
[EventDate "2018.07.21"]
[WhiteFideId "1400878"]
[BlackFideId "1444948"]

1.d4 Nf6 2.Bg5 c5 3.Bxf6 gxf6 4.d5 Qb6 5.Qc1 f5 6.c4 Bg7 7.Nc3 d6 8.e3 Nd7
9.Nge2 Qb4 10.b3 b5 11.a3 Qxb3 12.Rb1 Qxc4 13.Nd4 cxd4 14.Bxc4 dxc3 15.
Bxb5 O-O 16.O-O Rb8 17.Bd3 Rb2 18.Rxb2 cxb2 19.Qc7 Nc5 20.Be2 Bf6 21.Qxa7 
Bb7 22.Qb6 Bxd5 23.Rb1 Be4 24.Rxb2 Na4 25.Qb5 Nxb2 26.f3 Bc2 27.h4 Rc8 28.
h5 h6 29.Qd7 Rc3 30.e4 Rc5 31.Bb5 fxe4 32.fxe4 Bxe4 33.Qg4+ Rg5 34.Qxe4 
Rxb5 35.Qa8+ Kg7 36.a4 Rxh5 0-1

[Event "Xtracon Chess Open 2018"]
[Site "Elsinore"]
[Date "2018.07.22"]
[Round "3"]
[White "Poulsen, Iver"]
[Black "Carlstedt, Jonathan"]
[Result "0-1"]
[WhiteElo "2133"]
[BlackElo "2425"]
[EventDate "2018.07.21"]
[WhiteFideId "1405110"]
[BlackFideId "24614386"]

1.e4 e6 2.d4 d5 3.e5 c5 4.c3 Nc6 5.Nf3 Qb6 6.a3 f6 7.b4 fxe5 8.b5 e4 9.
bxc6 exf3 10.cxb7 Bxb7 11.Qxf3 Nf6 12.Nd2 Bc6 13.Rb1 Qc7 14.Qh3 Bd6 15.Bd3
O-O 16.O-O e5 17.dxe5 Bxe5 18.Nf3 Bd7 19.Qh4 c4 20.Bc2 Bxc3 21.Bg5 h6 22.
Bf4 Qc8 23.Rfc1 Bf5 24.Bd6 Re8 25.Bxf5 Qxf5 26.Nd4 Qe4 27.Nc6 Qxh4 0-1

[Event "Xtracon Chess Open 2018"]
[Site "Elsinore"]
[Date "2018.07.22"]
[Round "3"]
[White "Chittka, Julius"]
[Black "Ingebretsen, Jens E"]
[Result "0-1"]
[WhiteElo "2333"]
[BlackElo "2138"]
[EventDate "2018.07.21"]
[WhiteFideId "12954772"]
[BlackFideId "1522965"]

1.d4 Nf6 2.c4 e6 3.Nc3 Bb4 4.f3 d5 5.a3 Bxc3+ 6.bxc3 Nc6 7.cxd5 exd5 8.e3 
Bf5 9.Ne2 O-O 10.g4 Nxg4 11.fxg4 Qh4+ 12.Ng3 Be4 13.Rg1 Qxh2 14.Nxe4 Qxg1 
15.Ng5 f5 16.Qf3 Ne7 17.Ne6 Rf6 18.Nxc7 fxg4 19.Qxf6 gxf6 20.Nxa8 Qg3+ 21.
Kd2 Qb8 22.c4 Qxa8 23.cxd5 Qb8 24.Bc4 Kg7 25.e4 g3 26.Kd3 Ng6 27.Be3 h5 
28.Ke2 Qc8 29.Rc1 Qg4+ 30.Kd3 Nf4+ 31.Kd2 Ng2 32.Be2 Qxe4 33.Rc7+ Kf8 34.
Bh6+ Ke8 35.Bd3 Qxd4 36.Rc4 Qxd5 37.Kc3 Qe5+ 38.Kb3 Ne1 39.Bg6+ Kd8 40.Bf4
Qb5+ 41.Kc3 g2 0-1